000 01224nam a22003137a 4500
001 0000123895
003 DO-SdBNP
005 20160511131409.0
007 0000123895
008 160429b 2014 dr ||||| |||| 00| 0 spa d
020 _a9789945190076
040 _aBPMSU
_bspa
_cBPMSU
092 _axxxxx
_bxxxxx
100 _aSalcedo Fernández, Lilian
245 0 0 _aEducación artística 3 :
_beducación primaria /
_cLilian Salcedo Fernández; producción editorial Claudia Llibre ; ilustración Ruddy Núñez..[et. al]
260 _aSanto Domingo :
_bSantillana,
_b
_c2014.
300 _a95 p. :
_bil.;
_c27 cm.
490 _aTodos juntos
500 _a
500 _aEste libro ha sido realizado de conformidad con el currículum vigente y ha sido sometido a la aprobación del MINERD [Ministerio de Educación República Dominicana]
500 _aEl libro de educación artística 1, para el primer curso del nivel primario, esta dividido en dibujo y técnica, música, teatroy recortables
504 _a
700 1 2 _aLlibre, Claudia
_e
700 1 2 _a Núñez, Ruddy
_e il.
830 _aTodos juntos
910 _a00041
942 _2ddc
_cBK
956 _2 VMATEO
_310
_620160511
_8BPMSU
_a0069
999 _c10095
_d10095